Quizzes
Events
Quiz Creation
Community
Videos
Private Events
Remove Ads
Sign In
Join for FREE
Feedback
Dark Mode
Quiz Categories
Sports
Geography
Music
Movies
Television
Just For Fun
Miscellaneous
History
Literature
Language
Science
Gaming
Entertainment
Religion
Holiday
For Kids
Quiz Lab
Recent
Popular Today
Quiz Kudos Today
Editor Picks
Curator Picks
Quizzes by...
Day
Popularity
Type
Ratings
Length
Year
Community
Subscriptions
Recent Discussions
Orange Saloon
Badges
Playlists
Quests
Create
Leaderboards
Showdown
Live 5
Trivia Bingo
Activity
Puzzle Library
Sporcle Events
Private Events
Virtual Trivia
Globe League
Become a Host
Pub Owners
SporcleCon
Opinionation
Our Games
Videos
Blog
Mobile Apps
Partnerships
Remove Ads and Go Orange
Feedback
Geography
Country
Landmarks
City
State
Population
World
Capital
Continent
Flags
Europe
Africa
Asia
South America
North America
Oceania
Border
Canada
United Kingdom
Topography
United States
Geography
Country
Landmarks
City
State
Population
World
Capital
Continent
Flags
Europe
Africa
Asia
South America
North America
Oceania
Border
Canada
United Kingdom
Topography
United States
Random Quiz
Search Sporcle
×
Quiz Lab
Quiz Lab
Geography
Famous
Type in answers that appear in a list
Type in answers that appear in a list
Classic
Best Score? Go Orange.
Famous World Landmarks Stats
Can you name the Cities where the Landmarks are??
By
swfc444
10m
50 Questions
107 Plays
107 Plays
107 Plays
Comments
Comments
Give Quiz Kudos
Give Quiz Kudos
-
- Ratings
hide this ad
Replay
Link that replays current quiz
Next Quiz
Link to next quiz in quiz playlist
You Got
0%
They Got
Avg Score
41%
Avg Friend Score
Upgrade to see
Score Distribution
Jump to the score distribution portion of the page
Score
0/50
Timer
10:00
0
Plays Today
Landmark
City
% Correct
Buckingham Palace
London
100%
The Brandenburg Gate
Berlin
89.7%
Saint Basil Cathedral
Moscow
86.9%
Christ the Redeemer
Rio de Janeiro
82.2%
Guggenheim Museum
New York
81.3%
Great Pyramids
Giza
81.3%
Temple of Olympian Zeus
Athens
80.4%
Taj Mahal
Agra
79.4%
Sears Tower/
Wills Tower
Chicago
77.6%
Dome Of The Rock
Jerusalem
72%
Petronas Twin Towers
Kuala Lumpur
72%
Saint Peter's Bascilica
Vatican City
69.2%
Roman Colosseum
Rome
67.3%
The Gateway of India
Mumbai
66.4%
Aya Sofia
Istanbul
64.5%
The Louvre
Paris
63.6%
The Forbidden City
Beijing
59.8%
Sydney Opera House
Sydney
59.8%
Leaning Tower
Pisa
57%
The Little Mermaid
Copenhagen
49.5%
Sagrada Familia
Barcelona
48.6%
Atomium
Brussels
43.9%
Belém Tower
Lisbon
39.3%
Robben Island
Cape Town
39.3%
The Great Buddha of Kamakura
Tokyo
38.3%
Landmark
City
% Correct
Windsor Castle
Windsor
38.3%
Alamo
San Antonio
36.4%
St. Mark's Cathedral
Venice
35.5%
Hanging Gardens
Babylon
34.6%
Schonbrunn Palace
Vienna
29%
Holyrood Palace
Edinburgh
25.2%
Oriental Crown,
Shanghai
21.5%
Pharos of Egypt
Alexandria
17.8%
Potala Palace
Lhasa
15.9%
Hermitage
Saint Petersburg
15.9%
The Treasury
Petra
15%
The Alhambra
Granada
15%
Machu Picchu
Cuzco
15%
Faisal Mosque
Islamabad
14%
The Prophets Mosque
Medina
13.1%
Storting
Oslo
13.1%
Moonlight Rainbow Fountain
Seoul
11.2%
American Cemetery
Normandy
7.5%
St. Nicholas Church
Hamburg
5.6%
Golden Temple
Amritsar
5.6%
Angkor
Siem Reap
4.7%
Maison Carrée
Nimes
4.7%
Angel Falls
Canaima
2.8%
Temple of Amun
Karnak
1.9%
Neuschwanstein Castle
Fuessen
0%
Quiz Playlist
Details
Report
Send in Message
Add To Playlist
Classic:
Type in answers that appear in a list
Last Updated: Feb 16, 2017
Quiz Scoreboard
CHALLENGE
Sign Up to Join the Scoreboard
Show All
Scores
Hide
Comments
May contain spoilers
Recently Published
9x9 Crossword: Cartoon Network
by jackfrog10
Miscellaneous
3m
College Basketball Coaching Resumes
by pancakes188
Sports
9m
Billboard Blitz: Fleetwood Mac
by CooCooCachoo
Music
15s
More to Explore
Quiz From the Vault
Featured Blog Post
Where Did the Easter Bunny Come From?
hide this ad
You Might Also Like...
Tags
City Quiz
Famous Quiz
Landmarks Quiz
World Quiz
Today's Top Quizzes in Geography
Browse Geography
hide this ad
Today's Top Quizzes in Famous
Browse Famous
Top Contributed Quizzes in Geography
1
Countries of the World - No Outlines Minefield
2
Top 25 Cities of France on a map
3
Any capital of a 'B' country per Continent
4
Any capital of a 'C' country per Continent
5
Closest Countries to UK A-Z
6
Any capital of a 'D' country per Continent
7
5-to-1: US Geography No Hints
8
Any capital of an 'E' country per Continent
9
Find the US States - No Outlines
10
Any capital of an 'F' country per Continent
Explore More
Trending Topics
Anime
Harry Potter
Marvel
Crossword
Kpop
Disney
NBA
Song
Soccer
WWE
Country
Puzzle
NFL
The Office
Pokémon
hide this ad
More By:
swfc444
Quiz
Plays
Rating
Category
Featured
Created
Football League Managers 2018/19 UK
2,363
3.89
Sports
May 26, 2011
most watched uk tv shows of the decade
1,009
2.75
Television
May 27, 2010
Celebrity Juice Guests
1,002
5.00
Television
May 23, 2011
Premier League Stats 2014/15
583
3.75
Sports
May 27, 2011
Premier League All Time Appearances Top 100
538
3.00
Sports
May 31, 2011
Go to Creator's Profile
Score Distribution
Quiz Creator Spotlight
swfc444
Follow
Send a Message
Quizzes Created
-
Created Quiz Play Count
-
More By This Creator
Popular Quizzes Today
1
Find the US States - No Outlines Minefield
2
Find the Countries of Europe - No Outlines Minefield
3
The Countries of the World
4
Find the US States
5
Risky Map Clicking: Biggest States A-Z
6
US States
7
Popular People in 1961
8
Movies - When Are They Set?
More Geography Quizzes
Is That the South American Capital?
Published
Trending Quizzes
Risky Map Clicking: Least Populous States A-Z
1-10 Letter G Words
1-10 Letter F Words
Risky Map Clicking: Next State Alphabetically
Adjectives in 80s TV Shows
Recently Updated
Leaping Animals
pecheneg
Reality TV Shows (A-Z)
bhenderson79
Rickey Henderson's Hall of Fame Teammates
pecheneg
Champions League XIs: Arsenal
pecheneg
Quick Pick: Celebrities in WWE's Hall of Fame
aduchscher
A-Z Keypad Blitz II
pecheneg
Multiple Oscar Actors
pecheneg
Mystery Phrase Blitz: Oscar 'Best Actors'
pecheneg
F. Scott Fitzgerald Novels
LTH
Pick 3 Villains
ddd62291
Trending Topics
Marvel
Crossword
Harry Potter
Kpop
Anime
NBA
Disney
Song
Puzzle
WWE
Soccer
NFL
Pokémon
Country
The Office
Your Account Isn't Verified!
In order to create a playlist on Sporcle, you need to verify the email address you used during registration. Go to your
Sporcle Settings
to finish the process.
Report this User
Report this user for behavior that violates our
Community Guidelines
.
Details:
Send Report
Go to the Sporcle.com Mobile Site →
Comments